| 000 | 00689nam a2200217 u 4500 | ||
|---|---|---|---|
| 005 | 20220520165557.0 | ||
| 008 | 121018s2008 es r 000 0 spa d | ||
| 020 | _a9788426136879 | ||
| 035 | _aUPN01000187714 | ||
| 049 | _aI | ||
| 050 | 4 |
_aPZ75 _bR8.2 |
|
| 100 | 1 |
_aRuillier, Jérôme _932917 |
|
| 245 | 1 | 0 |
_aAquí es mi casa / _cJeróme Ruillier ; tr. Teresa Farran ¡ Vert. |
| 260 |
_aBarcelona, Esp. : _bJuventud, _c2008. |
||
| 300 |
_a[26] p. : _bcompletamente il. col. |
||
| 534 |
_pTítulo original: _tIci, c´est chez mo¡ |
||
| 650 | 4 |
_aLIBROS Y LECTURA PARA NIÑOS - _zESPAÑA _92310 |
|
| 650 | 0 |
_aValores en la literatura _912441 |
|
| 905 | _aInfantil | ||
| 999 |
_c159817 _d159817 |
||